[Event "ARG-ch"]
[Site "Buenos Aires"]
[Date "1998.04.26"]
[Round "10"]
[White "Ricardi, Pablo"]
[Black "Seminara, Juan Pablo"]
[Result "1-0"]
[WhiteElo "2555"]
[BlackElo "2320"]
[Annotator "Horn,Pe"]
[PlyCount "59"]
[EventDate "1998.04.15"]
[EventType "tourn"]
[EventRounds "15"]
[EventCountry "ARG"]
[EventCategory "9"]
[SourceTitle "CBM 065"]
[Source "ChessBase"]
[SourceDate "1998.08.06"]
[SourceVersion "1"]
[SourceVersionDate "1998.08.06"]
[SourceQuality "1"]

1. Nf3 Nf6 2. g3 g6 3. b3 Bg7 4. Bb2 O-O 5. Bg2 d5 6. c4 c6 7. O-O a5 8. cxd5 {
Eher eine Nebenvariante.} (8. d3) (8. Na3) 8... cxd5 (8... Nxd5 9. Bxg7 Kxg7
10. e4 (10. d4 $14) 10... Nb6 11. d4 Bg4 12. Nc3 N8d7 13. h3 Bxf3 14. Qxf3 a4
$13 {Rahman,Z-Annageldiev,O/Calcutta op/1996}) (8... Qxd5 9. Ne5 Qd8 10. a3 $2
(10. d4 {Filip} Nbd7 11. Nd3 $14) 10... Be6 11. Qc2 Ne8 $11 {Gonzalez-Csom/
Olot/1975}) 9. Nc3 (9. d4 Ne4 (9... Nc6 10. Ne5 a4 11. bxa4 Nxe5 12. dxe5 Ng4
13. Bxd5 Nxe5 14. Qb3 $14 {Slipak C,S-Cifuentes Parada,R/Buenos Aires/1988})
10. Nc3 Nxc3 11. Bxc3 Nc6 12. Ne5 Qd6 13. Nxc6 Qxc6 14. Qd2 b6 15. Rac1 Qd7 16.
e4 Bb7 $11 {Arenas,S-Robledo,N/Buenos Aires GP1/1994}) (9. d3 $5 {Filip}) 9...
Nc6 (9... Ne4 10. Qc1 Nxc3 11. dxc3 Qb6 12. Rd1 e6 13. c4 (13. Rb1 $5 {[%cal
Yc3c4]}) 13... Bxb2 14. Qxb2 dxc4 15. Ne5 cxb3 16. axb3 (16. Ng4 e5 $11) 16...
f6 17. Nc4 $44 {Csom,I-Flesch,J/HUN-ch/1969}) 10. Rc1 (10. d4 Bf5 11. Ne5 Rc8
12. Rc1 $14 {Flohr-Toran/Beverwijk/1960}) 10... Ne4 11. Qc2 Bg4 (11... Nxc3 12.
dxc3) 12. Nxe4 $6 (12. Rfd1 $142) 12... Nb4 (12... Bxb2 {So war ein leichter
Ausgleich zu erzielen.} 13. Qxb2 dxe4 14. Ne5 Nxe5 15. Qxe5 Bxe2 $11) 13. Nf6+
(13. Qb1 dxe4 14. Bxg7 Kxg7 15. Qxe4 Bxf3 16. Qxf3 Nxa2 $13) 13... Bxf6 14. Qb1
Bf5 15. d3 $8 Bxd3 $5 (15... d4) 16. exd3 Bxb2 17. Qxb2 Nxd3 18. Qd2 Nxc1 19.
Rxc1 {Materiell steht die Sache nicht schlecht für Schwarz. Es hängt jetzt
alles davon ab, wie die weißen Leichtfiguren ins Spiel kommen.} e6 {Die
Schwächung der langen Diagonale (a1-h8) war m.E. nicht nötig.} (19... Qd6 20.
Qh6 $140 $6 {[%cal Rf3g5] Das ist nicht zu fürchten:} f6 {die Drohung ist
abgewehrt und die Q hätte im Zentrum eine größere Wirkung.} 21. Nd4 Rac8 $132)
20. Ne5 Qd6 $2 (20... f6 21. Ng4 Qd6 {Damit sind die schwarzfeldrigen
Schwächen notdürftig repariert und es ist nicht leicht, für Weiß etwas zu
erreichen.} (21... Rc8 $6 22. Rxc8 Qxc8 23. Qxa5 $16)) (20... Qe7) 21. Qf4 {
[%cal Re5g6]} Qe7 (21... f6 22. Nxg6 e5 23. Qh6 hxg6 24. Qxg6+ Kh8 25. Bxd5 $1
{Vielleicht hat Schwarz das bei 20...Qf6 übersehen ?} Qxd5 26. Rc7 Qd1+ 27. Kg2
Qd5+ 28. f3 $18) (21... Rad8 22. Qf6 {[%cal Re5g4]} h5 23. Nxg6 fxg6 24. Qxg6+
Kh8 25. Qxh5+ Kg7 26. Qg5+ Kh7 27. Rd1 $16) 22. Ng4 h5 (22... Rfc8 23. Rxc8+
Rxc8 24. Qe5 Rc1+ 25. Bf1 $18) 23. Rc7 $18 Qd8 24. Nf6+ Kg7 25. Nd7 Rc8 26.
Qe5+ Kh6 27. Rxc8 Qxc8 28. Nxf8 Qxf8 29. Bf1 Kh7 30. Qc7 1-0

[Event "Kerteminde"]
[Site "Kerteminde"]
[Date "1991.??.??"]
[Round "7"]
[White "Schandorff, Lars"]
[Black "Hector, Jonny"]
[Result "1/2-1/2"]
[WhiteElo "2425"]
[BlackElo "2465"]
[Annotator "Horn,Pe"]
[PlyCount "126"]
[EventDate "1991.02.??"]
[EventType "tourn"]
[EventRounds "9"]
[EventCountry "DEN"]
[EventCategory "10"]
[SourceTitle "CBM 023"]
[Source "ChessBase"]
[SourceDate "1991.08.01"]
[SourceVersion "1"]
[SourceVersionDate "1991.08.01"]
[SourceQuality "1"]

1. Nf3 d5 2. g3 c6 3. Bg2 Bg4 4. c4 e6 5. O-O Bd6 6. b3 Ne7 7. Bb2 Nd7 $2 (7...
O-O) 8. d4 $2 (8. Bxg7 Rg8 9. Bb2 $18) 8... Ng6 9. Nbd2 {/\ e4} f5 10. Ne1 $5 {
/\ Nd3,Ndf3} Qg5 $6 (10... O-O) 11. Ndf3 Qh5 12. Nd3 f4 13. e3 fxg3 14. fxg3
O-O 15. Nf4 Qh6 $16 16. Qc2 Bf5 17. Qe2 Nf6 18. Nd2 Rae8 19. a3 Nxf4 20. exf4
Qg6 21. Rfc1 Nh5 22. Qe3 Bg4 23. Rf1 b5 $2 24. cxb5 cxb5 25. Bc3 Rf7 26. Bb4
Bb8 27. Rac1 $18 Rc7 28. Rxc7 Bxc7 29. Rc1 Bb8 30. Nf3 Qf5 31. Ne5 Bh3 32. Bf3
Kh8 33. Be2 a6 34. Qd3 Bxe5 35. fxe5 g6 36. Qxf5 Bxf5 37. Kf2 (37. g4 Nf4)
37... Ng7 38. g4 Be4 39. h3 h5 40. Rc7 Ra8 41. Be7 (41. Kg3 $5 $16) (41. Bd2
$16) 41... Kg8 42. Rc6 Kf7 43. Bf6 Ne8 44. Bg5 hxg4 45. hxg4 Ra7 46. Bd8 Ra8
47. Bg5 (47. Ba5 $5 {/\ a4+/-}) 47... Ra7 48. Ke3 Rc7 49. Rxc7+ Nxc7 50. Bd8
Na8 51. Bd3 (51. a4 $5 bxa4 (51... b4 52. Bxa6 Bc2 53. Bb7 Bxb3 54. Bxa8 $18)
52. bxa4 Ke8 (52... Bc2 53. Bxa6 Bxa4 54. Bb7 $18) 53. Ba5 Kd7 54. Bxa6 $18)
51... Bxd3 52. Kxd3 Ke8 53. Ba5 Kd7 54. Ke3 g5 55. Kd3 Ke8 56. Bd2 $2 (56. Kc3
{/\ Kb4-c5 +-}) 56... Nb6 57. Bxg5 Nd7 58. Kc3 a5 59. Kd3 Nb8 60. Bd2 a4 61.
bxa4 bxa4 62. Ke3 Kf7 63. Kf4 Kg6 1/2-1/2

[Event "Hoogovens-B"]
[Site "Wijk aan Zee"]
[Date "1991.01.??"]
[Round "11"]
[White "Winants, Luc"]
[Black "Finegold, Benjamin"]
[Result "1/2-1/2"]
[WhiteElo "2505"]
[BlackElo "2460"]
[Annotator "Horn,Pe"]
[PlyCount "29"]
[EventDate "1991.01.??"]
[EventType "tourn"]
[EventRounds "11"]
[EventCountry "NED"]
[EventCategory "9"]
[SourceTitle "CBM 022"]
[Source "ChessBase"]
[SourceDate "1991.06.01"]
[SourceVersion "1"]
[SourceVersionDate "1991.06.01"]
[SourceQuality "1"]

1. c4 c6 2. Nf3 d5 3. b3 Nf6 4. g3 g6 5. Bg2 Bg7 6. Bb2 O-O 7. O-O Bg4 8. d3
Bxf3 9. Bxf3 Nbd7 10. cxd5 {Die Öffnung der c-Linie erhöht die Remistendenz.
Die Spieler haben auch bald keine Lust mehr weiterzuspielen.} (10. Nd2 e6 $14)
10... cxd5 11. b4 e6 12. Nd2 Ne8 13. Bxg7 Nxg7 14. Qb3 Nf5 15. Rac1 {(0.29/0.
41)} 1/2-1/2

[Event "EU-Cup Cheliabinsk-Yerevan"]
[Site "Cheliabinsk"]
[Date "1991.??.??"]
[Round "1"]
[White "Petrosian, Arshak B"]
[Black "Shcherbakov, Ruslan"]
[Result "1/2-1/2"]
[WhiteElo "2505"]
[BlackElo "2525"]
[Annotator "Horn,Pe"]
[PlyCount "53"]
[EventDate "1991.??.??"]
[EventType "team"]
[EventRounds "2"]
[EventCountry "URS"]
[SourceTitle "CBM 026"]
[Source "ChessBase"]
[SourceDate "1992.02.01"]
[SourceVersion "1"]
[SourceVersionDate "1992.02.01"]
[SourceQuality "1"]

1. Nf3 d5 2. g3 c6 3. Bg2 Bg4 4. c4 Nd7 5. cxd5 cxd5 6. Nc3 e6 7. Qa4 Bxf3 $1
$10 (7... Ngf6 8. Ne5) 8. Bxf3 a6 {N} (8... Ngf6 9. O-O Be7 10. d4 O-O 11. Bg5
a6 12. Rfd1 b5 $10) 9. d4 Ngf6 10. O-O b5 11. Qd1 Be7 12. Bf4 O-O 13. a4 b4 14.
Na2 Nb6 15. Nc1 Nc4 16. Nd3 a5 17. Bg5 Ne4 18. Bxe7 Qxe7 19. Bxe4 dxe4 20. Nc5
e3 21. Qd3 (21. f3 $2 Nd2 22. Re1 Rfd8) 21... exf2+ 22. Rxf2 Ne5 (22... Nxb2 $4
23. Qb3 $18) 23. Qe4 Nc4 24. Qd3 Ne5 25. Qe4 Nc4 26. Rc1 Nd6 (26... Nxb2 $4 27.
Qc2) 27. Qd3 (27. Qd3 Rfd8 $13) 1/2-1/2

[Event "Bled/Rogaska Slatina"]
[Site "Bled"]
[Date "1991.??.??"]
[Round "9"]
[White "Mohr, Georg"]
[Black "Vaganian, Rafael A"]
[Result "0-1"]
[WhiteElo "2465"]
[BlackElo "2585"]
[Annotator "Horn,Pe"]
[PlyCount "102"]
[EventDate "1991.06.??"]
[EventType "tourn"]
[EventRounds "13"]
[EventCountry "SLO"]
[EventCategory "12"]
[SourceTitle "CBM 024"]
[Source "ChessBase"]
[SourceDate "1991.10.01"]
[SourceVersion "1"]
[SourceVersionDate "1991.10.01"]
[SourceQuality "1"]

1. Nf3 d5 2. g3 c6 3. Bg2 Bg4 4. c4 dxc4 5. Na3 (5. Qc2 Nd7 6. a4 e6 7. Na3
Bxa3 8. Rxa3 Ngf6 9. Qxc4 Bxf3 10. Bxf3 Ne5 11. Qb4 Nxf3+ 12. Rxf3 Qe7 13.
Qxe7+ Kxe7 $14 {Petrosian-Dreev, Sebastopol 1986}) 5... Qd5 6. O-O (6. Qc2 Be6
7. e4 Qd3 8. Qxd3 cxd3 9. Ne5 Na6 10. Nxd3 Rd8 11. Ke2 g6 12. b3 Bg7 13. Rb1 f5
{Remis in Nogueiras-Torre, Novi Sad ol 1990}) 6... e6 (6... Nd7 7. b3 cxb3 8.
axb3 Qh5 9. Nc4 Ngf6 $13 {Vilela-Lugo, CUB-ch 1988}) 7. Nh4 (7. h3 $5) 7... Qh5
8. Re1 (8. f3 $5 Bc5+ 9. Kh1 Bf5 10. Nxc4) 8... Bxa3 9. bxa3 Qc5 10. Rb1 b6 (
10... b5) 11. Qc2 Ne7 12. Rb4 (12. a4 $5) 12... b5 13. d4 Qd6 (13... Qxd4 14.
Bb2 {/\ Bxg7}) 14. Qe4 (14. Rxb5 cxb5 15. Bxa8 Nbc6 {/\ 0-0}) 14... Bf5 15.
Nxf5 exf5 16. Qf4 Qxf4 17. Bxf4 Na6 18. Rbb1 (18. Rxb5 cxb5 19. Bxa8 Kd7 20.
Bb7 Nc7 $13) 18... O-O-O 19. a4 (19. Red1 Nd5 20. Bxd5 Rxd5 $17) (19. Rec1 $5 {
/\ a4}) 19... b4 20. Rec1 c3 (20... Rxd4 $2 21. Be3 $146) 21. a3 $2 (21. e3 Nd5
(21... f6 22. Bf1 Kb7 23. h4 Nd5 24. a3) 22. Rb3 $13 (22. a3 bxa3 23. Bxd5 Rxd5
24. Rxc3 a2 25. Ra1 Nb4 26. Rc4 a5)) (21. e4 $5 Rxd4 (21... fxe4 22. Bf1 Nc7
23. Rxb4 $13) 22. Be5 Rd2 23. Bf1 Nc7 24. Rxb4) 21... bxa3 22. Rxc3 a2 $1 23.
Ra1 Rxd4 24. Rxa2 (24. h4 Rxa4 $19) 24... Rd1+ 25. Bf1 Rhd8 26. Kg2 (26. Rb2
Ra1 {/\ Rdd1}) 26... Nb4 27. Rb2 a5 $19 28. e3 Ned5 29. Rc5 Nxf4+ 30. gxf4 R8d5
31. Rxd5 Rxd5 32. Bc4 Rd7 33. Kf3 Kc7 34. h4 Kd8 35. Ke2 Ke7 36. h5 g6 37. Rb1
Kf6 38. h6 Rd8 39. Rc1 Ke7 40. Rb1 f6 41. Rg1 Rb8 42. Rb1 Na6 43. Rxb8 Nxb8 44.
Kd3 Nd7 45. Kd4 c5+ 46. Kd3 Nb6 47. Bb5 g5 48. e4 Ke6 49. Ke3 fxe4 50. fxg5
fxg5 51. Bc6 Ke5 0-1

[Event "Rimavska Sobota"]
[Site "Rimavska Sobota"]
[Date "1991.??.??"]
[Round "5"]
[White "Poley, Vladimir"]
[Black "Lutz, Christopher"]
[Result "1/2-1/2"]
[WhiteElo "2445"]
[BlackElo "2500"]
[Annotator "Horn,Pe"]
[PlyCount "70"]
[EventDate "1991.05.??"]
[EventType "tourn"]
[EventRounds "13"]
[EventCountry "CSR"]
[EventCategory "9"]
[SourceTitle "CBM 024"]
[Source "ChessBase"]
[SourceDate "1991.10.01"]
[SourceVersion "1"]
[SourceVersionDate "1991.10.01"]
[SourceQuality "1"]

1. Nf3 Nf6 2. g3 d5 3. Bg2 c6 4. c4 g6 5. b3 Bg7 6. Bb2 O-O 7. O-O a5 8. a3 (8.
d3 $1) 8... Bg4 9. d3 Nbd7 10. Nbd2 Re8 11. b4 {N} (11. h3 Bxf3 12. Nxf3 e6 13.
Qc2 Nh5 14. d4 Nhf6 15. Nd2 a4 16. b4 b5 {remis in Znamenacek-Damjanovic, Prag
1987}) 11... e5 12. e4 Bf8 13. Qb3 dxe4 14. dxe4 b6 15. h3 Bxf3 16. Bxf3 Qe7
17. Bc3 Ra7 18. Kg2 h5 19. h4 Rea8 20. Qb2 Bh6 21. Nb3 Qe6 22. Qe2 Ne8 {/\ Nd6}
23. g4 Nd6 24. gxh5 gxh5 25. Bxh5 Nf6 26. bxa5 Kh8 {/\ Rg8-+} (26... Kh7 $1 $19
) 27. f4 Rg8+ 28. Kh2 Bxf4+ 29. Rxf4 exf4 30. Bg4 Rxg4 31. Bxf6+ Kh7 32. Nd4
Qxf6 33. Qxg4 Qxd4 34. Rg1 {/\ Qh5} Qe5 35. Qg8+ Kh6 1/2-1/2

[Event "St Petersburg-ch"]
[Site "St Petersburg"]
[Date "1995.??.??"]
[Round "5"]
[White "Karasev, Vladimir I"]
[Black "Solozhenkin, Evgeniy"]
[Result "0-1"]
[WhiteElo "2405"]
[BlackElo "2480"]
[Annotator "Horn,Pe"]
[PlyCount "84"]
[EventDate "1995.04.??"]
[EventType "tourn"]
[EventRounds "12"]
[EventCountry "RUS"]
[EventCategory "9"]
[SourceTitle "CBM 047"]
[Source "ChessBase"]
[SourceDate "1995.08.01"]
[SourceVersion "1"]
[SourceVersionDate "1995.08.01"]
[SourceQuality "1"]

1. Nf3 d5 2. g3 c6 3. Bg2 Bg4 4. h3 Bh5 5. d3 e6 6. O-O Bd6 7. c4 {->A11} (7.
e4 {Karasev-Shabanov/RUS-ch/1992}) 7... Nd7 8. cxd5 (8. Nc3) 8... exd5 9. Nc3
Ne7 10. e4 dxe4 11. dxe4 Ne5 12. g4 Nxf3+ 13. Qxf3 Bg6 14. Bf4 Bxf4 15. Qxf4
O-O 16. Rad1 Qb6 17. Rd7 $1 Qxb2 $2 (17... Rfe8) 18. Qe3 Nc8 19. Rb1 Qa3 20.
Rb3 (20. Rbxb7 $16) 20... Qa5 21. Rbxb7 Nb6 22. Rdc7 Rfc8 23. Re7 Rcb8 24. f4
$1 (24. h4) 24... Rxb7 25. Rxb7 f6 26. Qd4 (26. e5 fxe5 27. Qxe5 Qxe5 28. fxe5
$16) 26... Re8 $6 (26... c5 $142 27. Qd3 Bf7 28. e5 $16) 27. Kh2 $5 {Preparing
the next move.} (27. g5 $2 c5 $132) (27. Rc7 $5 Qa3 28. e5 fxe5 29. fxe5 c5 30.
Qe3 $16 (30. Qxc5 $2 Qc1+)) 27... c5 $2 (27... Bf7 28. Rc7 Bxa2 29. Rxc6 $16 (
29. g5 $2 Rf8)) 28. Qd6 $1 $18 Bf7 (28... Qxc3 29. Qc7 f5 30. e5 $18) 29. Qc7
Rf8 30. Nd5 $1 Qxa2 31. Ne7+ $1 (31. Rxa7 Nxd5 32. exd5 Qf2 $16) 31... Kh8 32.
Rb8 $2 {Up to this point it seems to me, that Karasev has played a very good
game. But from now on he seems to loose the thread.} (32. Rxa7 $18 {was simple
enough.}) 32... Be8 $2 (32... Re8 33. Nf5 Rxb8 34. Qxb8+ Bg8 35. Qc7 Qf7 36.
Qxc5 $16) 33. Qxc5 $4 (33. Qd6 $18 {/\Ng6}) (33. Nf5 $18) 33... Nd7 $19 34. Qd6
Nxb8 35. Ng6+ Bxg6 36. Qxf8+ Qg8 37. Qe7 a6 38. f5 Bf7 39. e5 fxe5 40. Qxe5 Qe8
41. Qd6 a5 42. g5 Nd7 0-1

[Event "Leon"]
[Site "Leon"]
[Date "1991.??.??"]
[Round "?"]
[White "Todorcevic, Miodrag"]
[Black "De la Villa Garcia, Jesus Maria"]
[Result "1-0"]
[WhiteElo "2435"]
[BlackElo "2470"]
[Annotator "Horn,Pe"]
[PlyCount "97"]
[EventDate "1991.06.??"]
[EventType "tourn"]
[EventRounds "9"]
[EventCountry "ESP"]
[EventCategory "10"]
[SourceTitle "CBM 025"]
[Source "ChessBase"]
[SourceDate "1991.12.01"]
[SourceVersion "1"]
[SourceVersionDate "1991.12.01"]
[SourceQuality "1"]

1. Nf3 Nf6 2. g3 d5 3. Bg2 Bg4 4. c4 c6 5. cxd5 Bxf3 6. Bxf3 cxd5 7. d3 Nc6 8.
Bg2 e6 9. Nc3 Be7 10. O-O O-O 11. a3 a6 {N} (11... Rc8 12. Bd2 a6 13. Rc1 $14 {
Larsen-Ivkov, Bled cq 1965}) 12. Bd2 b5 13. e4 d4 14. Ne2 Qb6 15. h3 (15. f4
Ng4 {/\ Ne3}) 15... Nd7 16. f4 Nc5 17. Be1 Rfd8 (17... b4 $5 18. axb4 $6 Nxb4
$132) 18. e5 a5 19. Bf2 a4 20. Rc1 Rab8 21. Bxc6 Qxc6 22. Nxd4 Qd5 23. Qe2 Rb7
24. Rc2 g6 25. Rd1 Bf8 26. Kh2 b4 27. Rc4 bxa3 28. bxa3 Rdb8 {/\ Rb2} 29. Rc2
Rb1 30. Bg1 Kg7 31. g4 Rxd1 32. Qxd1 Nb3 (32... g5 33. Qd2 (33. fxg5 Qxe5+ 34.
Kg2 Qxg5 35. Nf3 Qd5) 33... gxf4 34. Qxf4 Nxd3) 33. Nf3 Bxa3 34. Kg3 (34. Ra2
Bc1) 34... Bc5 35. f5 exf5 (35... Bxg1 36. f6+ Kg8 37. Qxg1 Qxd3 38. Qa7 Rf8
$13 (38... Qb5 $2 39. Ng5 Rf8 40. Rc8)) 36. gxf5 gxf5 37. d4 $1 Bb6 $6 (37...
Be7 $1 $13) 38. Kh2 Rg8 (38... Qe4 $2 39. Rg2+ Kh8 40. Ng5 Qf4+ 41. Kh1 Rf8 42.
Qh5 $18) (38... h6 $6 39. Rg2+ Kh7 $2 (39... Kf8 40. Be3) 40. Ng5+ hxg5 41.
Qh5+ Kg7 42. Rxg5+ Kf8 43. Qh8+ Ke7 44. Qxb8 $18) (38... f4 $2 39. Rg2+ Kh8 40.
Ng5 {/\ Qh5+-}) 39. Be3 Qe4 $2 (39... f4 40. Bxf4 Nxd4 41. Rg2+ (41. Nxd4 Qxd4
42. Rg2+ Kh8 43. Rxg8+ Kxg8 44. Qg4+ Kh8) 41... Kf8 $13 (41... Kh8 $2 42. Ng5
$1 Rxg5 43. Bxg5 Nf3+ (43... Qxe5+ 44. Kh1) 44. Qxf3 Qxf3 45. Bf6+ $18)) 40.
Rg2+ Kh8 41. Ng5 Qb7 (41... Qxe3 42. Nxf7#) (41... Rxg5 42. Bxg5 $18) 42. Qf3
Qe7 (42... Qxf3 43. Nxf7#) 43. Qxf5 Rg7 44. Rc2 h6 45. Rc8+ Bd8 46. Ne4 Rg6 47.
d5 Kg7 48. d6 Qe8 49. Nf6 1-0

[Event "Budapest Honved"]
[Site "Budapest"]
[Date "1991.??.??"]
[Round "?"]
[White "Loginov, Valery A"]
[Black "Petran, Pal"]
[Result "1/2-1/2"]
[WhiteElo "2540"]
[BlackElo "2425"]
[Annotator "Horn,Pe"]
[PlyCount "108"]
[EventDate "1991.??.??"]
[EventType "tourn"]
[EventRounds "11"]
[EventCountry "HUN"]
[EventCategory "9"]
[SourceTitle "CBM 027"]
[Source "ChessBase"]
[SourceDate "1992.04.01"]
[SourceVersion "1"]
[SourceVersionDate "1992.04.01"]
[SourceQuality "1"]

1. Nf3 Nf6 2. g3 d5 3. Bg2 c6 4. O-O Bg4 5. c4 Nbd7 (5... e6) 6. cxd5 cxd5 7.
Nc3 (7. Qb3 Qb6 8. Qxb6 Nxb6 9. Nc3 Bxf3 10. Bxf3 e6 11. d3 Bc5 12. a4 $14)
7... e6 8. d3 Be7 $5 (8... Bc5 9. e4) 9. a3 (9. e4 $10 {Dizdar-Horvath, Halle
1987}) 9... O-O 10. Bd2 a6 {N} (10... Qb8 $6 11. b4 Rc8 12. Qb3 Ne5 13. Nd4 $14
{Loginov-Borsos, Zalakaros 1991}) 11. b4 Bd6 12. Qb3 Rc8 13. Rac1 Qe7 14. e4
dxe4 15. dxe4 b5 16. Rfe1 {/\ e5} Bxf3 $1 17. Bxf3 Ne5 18. Be2 Bb8 {/\ Ba7} 19.
Bf4 (19. a4 $5 Nc4 20. Bxc4 Rxc4 (20... bxc4 $5) 21. axb5 axb5 22. Nxb5 Rxe4
$10) 19... Qb7 20. a4 Nxe4 (20... bxa4 21. Qxa4) 21. axb5 Nxc3 22. Rxc3 axb5
23. Rc5 Rxc5 24. bxc5 Nc6 25. Be3 (25. Qxb5 $2 Qxb5 26. Bxb5 Nd4 27. Bxb8 Rxb8
28. Be2 Rc8 $15) 25... b4 26. Bf3 Qb5 27. Bxc6 Qxc6 28. Qxb4 $10 Bc7 29. Qg4
Rd8 30. Bh6 g6 31. Qg5 e5 32. h4 f6 33. Qe3 Rd5 34. Rc1 Rd4 35. Qb3+ Qd5 36.
Qb5 Kf7 37. Be3 Rd1+ 38. Rxd1 Qxd1+ 39. Kh2 Qd5 40. Qa6 f5 41. Qc8 Qd8 42. Qb7
f4 43. Bc1 Qe7 44. c6 Kf6 45. Kg2 Qd6 46. gxf4 exf4 47. Qb2+ Kf5 48. Qb5+ Qe5
49. Qxe5+ Bxe5 50. Kf3 h6 51. Bb2 Bc7 52. Bg7 g5 53. Bxh6 gxh4 54. Kg2 Ke4
1/2-1/2

[Event "Vrnjacka Banja"]
[Site "Vrnjacka Banja"]
[Date "1991.??.??"]
[Round "13"]
[White "Maksimenko, Andrei"]
[Black "Mitkov, Nikola"]
[Result "1-0"]
[WhiteElo "2370"]
[BlackElo "2370"]
[Annotator "Horn,Pe"]
[PlyCount "81"]
[EventDate "1991.04.??"]
[EventType "tourn"]
[EventRounds "15"]
[EventCountry "YUG"]
[EventCategory "9"]
[SourceTitle "CBM 023"]
[Source "ChessBase"]
[SourceDate "1991.08.01"]
[SourceVersion "1"]
[SourceVersionDate "1991.08.01"]
[SourceQuality "1"]

1. Nf3 d5 2. g3 Nf6 3. Bg2 Bf5 4. c4 c6 5. cxd5 cxd5 6. Qb3 Qc8 7. Nc3 e6 8. d3
Nc6 9. Bf4 Qd7 $6 (9... Be7 $14) 10. O-O (10. Ne5 Nxe5 11. Bxe5 Be7 12. O-O {
->Partie}) 10... Be7 11. Ne5 Nxe5 12. Bxe5 Bg6 {N} (12... O-O 13. e4 dxe4 14.
dxe4 Bg6 15. Rfd1 Qc6 16. Rac1 Qa6 17. Bxf6 gxf6 18. Rd7 $16 {
Dzindzichashvili-Klovan, URS 1975}) 13. e4 Ng4 $5 {die Idee von Bg6} 14. Bf4 (
14. Bxg7 $5 Rg8 15. h3 Nxf2 (15... Rxg7 16. hxg4 dxe4 17. dxe4 $18) (15... Nf6
16. Bxf6 Bxf6 17. exd5 $18) 16. Bd4 (16. Rxf2 Rxg7 $13) 16... Nxd3 17. exd5 $16
) 14... d4 15. Ne2 e5 16. Bd2 f6 $1 (16... O-O $2 17. h3 Nf6 18. f4 $16) 17.
Bh3 {/\ f3} (17. h3 Bf7 18. Qd1 Nh6 19. Bxh6 gxh6 $13) 17... Bf7 $8 18. Qd1 Be6
$8 19. f4 {/\ f5+-} h5 (19... Ne3 20. Bxe6 Qxe6 21. Bxe3 dxe3 22. Nc3 {/\ Nd5+/
-}) 20. Rc1 (20. f5 Bf7 21. Bxg4 hxg4 22. Nc1 Bh5) 20... O-O 21. b3 Ba3 22. Rb1
Rfc8 $2 (22... a5 23. f5 Bf7 24. Bxg4 hxg4 25. Nc1 Rfc8 26. Qxg4 Rc2 27. Qd1 (
27. Bh6 Bf8) 27... Qc7 $13) 23. b4 Qf7 $2 24. Qa4 $18 Bxa2 25. Bxg4 hxg4 26.
Ra1 Bb3 27. Qxa3 Rc2 28. Nc1 Be6 29. Rf2 exf4 30. Bxf4 Rac8 31. Ne2 Qd7 32.
Qxa7 Rb2 33. Nxd4 Rxf2 34. Kxf2 Bf7 35. Rc1 Rd8 36. Be3 Kh7 37. Qc5 Qd6 38. Qc7
Qf8 39. Qc5 Qe8 40. Qf5+ Bg6 41. Qxg4 1-0

[Event "Sonnevanck 5th"]
[Site "Wijk aan Zee"]
[Date "1995.??.??"]
[Round "2"]
[White "Glek, Igor Vladimirovich"]
[Black "Van Mil, Johan"]
[Result "1-0"]
[WhiteElo "2590"]
[BlackElo "2475"]
[Annotator "Horn,Pe"]
[PlyCount "91"]
[EventDate "1995.02.??"]
[EventType "tourn"]
[EventRounds "9"]
[EventCountry "NED"]
[EventCategory "9"]
[SourceTitle "CBM 046"]
[Source "ChessBase"]
[SourceDate "1995.06.01"]
[SourceVersion "1"]
[SourceVersionDate "1995.06.01"]
[SourceQuality "1"]

1. Nf3 Nf6 2. c4 g6 3. b3 Bg7 4. Bb2 O-O 5. g3 c6 6. Bg2 d5 7. O-O Bg4 8. d3
Nbd7 9. Nbd2 Re8 10. h3 Bxf3 11. Nxf3 e5 12. cxd5 (12. Qc2 e4 13. Nd4 Qb6 14.
dxe4 dxe4 15. Rfd1 e3 16. f4 Nc5 17. Nf3 Nce4 18. Kh2 Rad8 19. Be5 Nf2 20. Rxd8
Rxd8 21. Qb2 $13 {Ubilava-Gutman/Cheliabinsk/1975}) 12... cxd5 (12... Nxd5 13.
Nd2 $14) 13. Rc1 (13. Ne1 Qb6 14. Nc2 Rad8 15. Qd2 Nb8 (15... Nh5 $5) 16. Qb4
Qa6 17. Rfd1 Nc6 18. Qa4 Qb6 19. e3 a6 20. b4 $36 {Taimanov-Gutman/Rostov am
Don/1976}) (13. Nd2 Qa5 14. a3 Bh6 15. b4 Qb6 16. Nb3 Rac8 17. e3 Qb5 $132 {
Pfleger-Gutman/BL/1985}) 13... e4 (13... Qb6 14. Rc2 e4 15. Bd4 Qa6 16. dxe4
dxe4 17. Nd2 Rad8 $132 {Fahnenschmidt-Gutman/BL/1987}) 14. dxe4 (14. Ne1 Qb6
15. Nc2 Qa6 $6 (15... Nh5 $132) 16. a3 $1 Rad8 17. Nb4 Qb5 $6 (17... Qa5) 18.
Bd4 Nh5 19. Bxg7 Nxg7 $2 (19... Kxg7 20. Qc2 a5 21. Na2 exd3 22. exd3 Ne5 23.
d4 Nc6 24. Nc3 Qb6 25. Nxd5 Qxd4 26. Rfd1 $14) 20. dxe4 dxe4 21. Nd5 $1 {
Polugaevsky-Taimanov/URS-ch/1974}) 14... dxe4 15. Nd4 Qb6 16. Nc2 Rad8 17. Ne3
Qe6 18. Rc2 Nb6 19. Qa1 Re7 20. Rc5 Ne8 21. Bxg7 Nxg7 22. Ng4 $5 (22. g4 $14)
22... f5 23. Nh6+ (23. Re5 $6 Qd6 24. Rxe7 Qxe7 25. Nf6+ $2 Kf7 26. Nxh7 Rh8
$19) 23... Kf8 (23... Kh8) 24. g4 (24. Rfc1 g5 $2 25. Nxf5 $18) 24... Rd5 25.
Rfc1 Qe5 26. Rxd5 Nxd5 (26... Qxd5 $2 27. Rd1) (26... Qxa1 $4 27. Rd8+ $18) 27.
Rc8+ (27. Qxe5 $6 Rxe5 28. Rc5 b6 29. Rc8+ Re8) 27... Ne8 $8 28. Qc1 (28. Qxe5
$5 Rxe5 29. gxf5 gxf5 30. Nxf5 Rxf5 31. Bxe4 Re5 32. f3 $13) 28... Rc7 $2 {
The exchange of one pair of Rs seems to help White.} (28... Nf4 29. Bf1 Ne6 $17
) 29. Rxc7 Qxc7 $2 (29... Nexc7 30. gxf5 gxf5 31. Qg5 Ne7 $13) 30. Qd2 (30. Qg5
Qe7) 30... Nf4 (30... Qe5 31. gxf5 gxf5 32. Qg5 $18) (30... Qc3 31. Qxd5 Qc1+
32. Bf1 Qxh6 33. Qxb7) 31. Bf1 Kg7 (31... Qe5 $2 32. gxf5 gxf5 33. Qd7 $18) (
31... Ng7 32. Qd4 $1 {><f6,a7} (32. Qb4+ Qe7 33. Qc4 Nge6) 32... Nxe2+ 33. Bxe2
Qc1+ 34. Kg2 Qxh6 35. Qd6+ $18) 32. g5 {/\ Qd4+-} Nf6 (32... Qd6 33. Qc3+ Nf6
34. Qc8 $18) 33. h4 $6 (33. gxf6+ $1 Kxh6 34. Qb4 (34. f7 $2 Kg7 $19) 34... Qc1
(34... Nd5 35. Qf8+ Kg5 36. f7 $18) (34... Qf7 35. Qe7 $18) 35. e3 Nd3 36. f7
$18) (33. Qd4 $2 Nxe2+ 34. Bxe2 Qc1+ 35. Kh2 Qxg5) (33. Qb2 N4d5 34. e3 Qc3 $13
) 33... Nd7 34. Qd4+ Ne5 35. Qxa7 Ne6 36. Qa8 Nd8 37. Qa4 Qd7 38. Qb4 (38.
Qxd7+ $2 Nxd7 {פh6}) 38... Ndc6 39. Qb5 Kf8 40. Kg2 Kg7 41. b4 f4 42. Kh2 f3 (
42... Ng4+ 43. Nxg4 Qxg4 44. Qxb7+ Kg8 45. Qxc6 $18) 43. e3 Qc7 44. Kg1 Qd7 45.
Qa4 Nf7 (45... Ng4 $4 46. Bh3 $18) 46. b5 1-0